Christopher Nolan’s Favourite Actors - Statistics

General Stats
  • This quiz has been taken 67 times
  • The average score is 7 of 16
Answer Stats
Number of Movies Actor Name % Correct
6 Cillian Murphy
91%
4 Christian Bale
89%
8 Michael Caine
84%
3 Anne Hathaway
69%
3 Matt Damon
66%
3 Tom Hardy
66%
3 Morgan Freeman
63%
4 Gary Oldman
50%
3 Kenneth Branagh
25%
2 Marion Cotillard
23%
2 Casey Affleck
20%
2 David Dastmalchian
3%
3 Larry Holden
2%
2 Mark Boone Jr
2%
2 Martin Donovan
2%
2 Nestor Carbonell
0%
No matching quizzes found
Score Distribution
Percent of People with Each Score
Percentile by Number Answered
Your Score History
You have not taken this quiz